The Essence of Mergers and Acquisitions (Record no. 1835)

MARC details
000 -LEADER
fixed length control field 00431nam a22001697a 4500
005 - DATE AND TIME OF LATEST TRANSACTION
control field 20180720112406.0
008 - FIXED-LENGTH DATA ELEMENTS--GENERAL INFORMATION
fixed length control field 160526b xxu||||| |||| 00| 0 eng d
020 ## - INTERNATIONAL STANDARD BOOK NUMBER
ISBN 81-103-1209-0
041 ## - LANGUAGE CODE
Language code of text/sound track or separate title eng
082 ## - DEWEY DECIMAL CLASSIFICATION NUMBER
Item number 5233
Classification number 658.16
100 ## - MAIN ENTRY--AUTHOR NAME
Personal name Sundarsanam, P.S.
245 ## - TITLE STATEMENT
Title The Essence of Mergers and Acquisitions
260 ## - PUBLICATION, DISTRIBUTION, ETC. (IMPRINT)
Place of publication New Delhi
Name of publisher Academic Faundation
300 ## - PHYSICAL DESCRIPTION
Number of Pages 295p,
650 ## - SUBJECT ADDED ENTRY--TOPICAL TERM
Topical Term Management
942 ## - ADDED ENTRY ELEMENTS (KOHA)
Koha item type Books
Holdings
Lost status Damaged status Collection code Home library Current library Shelving location Date acquired Cost, normal purchase price Full call number Accession Number Koha item type
    MANAGEMENT JRU Library JRU Library SHELF-71-N 26/05/2016 95.00 658.16 5233 Books
    MANAGEMENT JRU Library JRU Library SHELF-33-E 26/05/2016 95.00 658.16 5234 Books
    MANAGEMENT JRU Library JRU Library SHELF-71-N 26/05/2016 95.00 658.16 5235 Books
    MANAGEMENT JRU Library JRU Library SHELF-71-N 26/05/2016 95.00 658.16 5236 Books
      JRU Library   SHELF - 15 - H 26/05/2016 95.00 658.16 5237 Books
    Reference JRU Library   SHELF-29-G 26/05/2016 95.00 658.16 5238 Books